[Event "DEM U14 2008"]
[Site "Willingen GER"]
[Date "2008.05.13"]
[Round "5"]
[White "Kügel, Tobias"]
[Black "Titgemeyer, Sven"]
[Result "0-1"]
[Termination "normal"]
[Board "11"]
[WhiteElo "1894"]
[BlackElo "1930"]
[PlyCount "70"]
[WhiteFideId "4636295"]
[BlackFideId "24676934"]
[EventCountry "GER"]
[EventRounds "9"]
[EventType "swiss"]
[EventDate "2008.05.10"]

1. e4 e5 2. Nf3 Nc6 3. d4 exd4 4. Nxd4 Bc5 5. Be3 Qf6 6. Nb5 Bxe3 7. fxe3 Qh4+
8. g3 Qxe4 9. Nxc7+ Kd8 10. Nxa8 Qxh1 11. Qd2 Qe4 12. Nc7 Qe5 13. Nd5 Qxb2 14.
Qc3 Qxc3+ 15. Nbxc3 Nge7 16. e4 f5 17. O-O-O fxe4 18. Nxe4 Nxd5 19. Rxd5 Ke7
20. Bh3 b6 21. Nd6 Nb8 22. Nf5+ Kf6 23. Nd6 Ba6 24. Ne4+ Ke7 25. Re5+ Kd8 26.
Ng5 Bc4 27. a4 h6 28. Ne4 Nc6 29. Rf5 Be6 30. Rh5 Bxh3 31. Rxh3 Re8 32. Nd6 Re6
33. Nc4 Re4 34. Nb2 Ne5 35. Kd2 Ke7 0-1

[Event "DEM U14 2008"]
[Site "Willingen GER"]
[Date "2008.05.13"]
[Round "5"]
[White "Wendling, Florian"]
[Black "Barzen, Pascal"]
[Result "1-0"]
[Termination "normal"]
[Board "12"]
[WhiteElo "1729"]
[BlackElo "1783"]
[PlyCount "63"]
[WhiteFideId "24640212"]
[BlackFideId "24653497"]
[EventCountry "GER"]
[EventRounds "9"]
[EventType "swiss"]
[EventDate "2008.05.10"]

1. e4 c6 2. d4 d5 3. exd5 cxd5 4. c4 Nf6 5. Nc3 e6 6. Nf3 Nc6 7. cxd5 Nxd5 8.
Bd3 Be7 9. O-O O-O 10. Re1 h6 11. Be4 Nxc3 12. bxc3 Qc7 13. Bd2 Na5 14. Qc1 f5
15. Bd3 Rf6 16. c4 b6 17. Ne5 Bd6 18. Bxa5 bxa5 19. c5 Bxe5 20. Rxe5 Bb7 21.
Qe1 Rg6 22. Bf1 Qc6 23. d5 exd5 24. Rxf5 Qxc5 25. Rc1 Qd6 26. Qxa5 Qe6 27. Rf4
Qe5 28. Rb4 Qg5 29. Rd1 Bc8 30. Rxd5 Qf6 31. Rd8+ Kh7 32. Qd5 1-0

[Event "DEM U14 2008"]
[Site "Willingen GER"]
[Date "2008.05.13"]
[Round "5"]
[White "Purgahn, Robin"]
[Black "Rublack, Valentin"]
[Result "0-1"]
[Termination "normal"]
[Board "14"]
[WhiteElo "1219"]
[BlackElo "1577"]
[PlyCount "68"]
[BlackFideId "24657387"]
[EventCountry "GER"]
[EventRounds "9"]
[EventType "swiss"]
[EventDate "2008.05.10"]

1. e4 e5 2. f4 Qf6 3. Nf3 Qxf4 4. d3 Qf6 5. Bg5 Qg6 6. Qd2 f6 7. Bh4 Bc5 8. Be2
Qxg2 9. Rf1 Qg6 10. Qd1 Nc6 11. Nxe5 Qh6 12. Nf3 Ne5 13. Bg3 Ng4 14. d4 Ne3 15.
Qd2 Nxf1 16. Qxh6 Nxh6 17. dxc5 Nxg3 18. hxg3 Nf7 19. Nc3 Nd8 20. Bc4 Ne6 21.
O-O-O a6 22. Rh1 b6 23. cxb6 cxb6 24. Bd3 b5 25. e5 Bb7 26. Ne4 Ke7 27. exf6+
gxf6 28. Nfd2 f5 29. Re1 fxe4 30. Bxe4 Bxe4 31. Nxe4 Rhg8 32. Rh1 Rg7 33. g4
Rh8 34. Rh4 Ng5 0-1

[Event "DEM U14 2008"]
[Site "Willingen GER"]
[Date "2008.05.14"]
[Round "6"]
[White "Schreiner, Till"]
[Black "Berchtenbreiter, Maximilian"]
[Result "0-1"]
[Termination "normal"]
[Board "1"]
[WhiteElo "2041"]
[BlackElo "2064"]
[PlyCount "76"]
[WhiteFideId "24675555"]
[BlackFideId "24641120"]
[EventCountry "GER"]
[EventRounds "9"]
[EventType "swiss"]
[EventDate "2008.05.10"]

1. d4 Nf6 2. c4 a6 3. Nc3 c5 4. d5 b5 5. cxb5 axb5 6. Nxb5 Qa5+ 7. Nc3 Bb7 8.
Bd2 Qb6 9. e4 e6 10. Bc4 Nxe4 11. Nxe4 exd5 12. Bb3 dxe4 13. Qh5 Qg6 14. Qe5+
Be7 15. Ne2 d6 16. Qc3 Bf6 17. Qc4 O-O 18. Nf4 Qf5 19. Nd5 Nc6 20. Nxf6+ Qxf6
21. Qc3 Nd4 22. Be3 Ba6 23. Bc4 Rfb8 24. O-O Rb4 25. Bxd4 Qxd4 26. Qxd4 cxd4
27. Bxa6 Rxa6 28. b3 f5 29. Rfc1 Kf7 30. Kf1 Ke6 31. Ke2 Ke5 32. Rc7 Rxb3 33.
Rxg7 Rb2+ 34. Ke1 Rc6 35. a4 Rcc2 36. a5 Rxf2 37. a6 Rbe2+ 38. Kd1 d3 0-1

[Event "DEM U14 2008"]
[Site "Willingen GER"]
[Date "2008.05.14"]
[Round "6"]
[White "Sarchisov, Slavik"]
[Black "Bräuer, Franz"]
[Result "0-1"]
[Termination "normal"]
[Board "2"]
[WhiteElo "1982"]
[BlackElo "1908"]
[PlyCount "92"]
[WhiteFideId "24647888"]
[BlackFideId "24634468"]
[EventCountry "GER"]
[EventRounds "9"]
[EventType "swiss"]
[EventDate "2008.05.10"]

1. e4 e5 2. Nf3 Nc6 3. Bc4 Bc5 4. c3 Nf6 5. d3 d6 6. O-O a6 7. Bb3 Ba7 8. Nbd2
O-O 9. Nc4 h6 10. Ne3 Ne7 11. Nh4 Be6 12. Qf3 Qd7 13. h3 Kh7 14. Bc2 Ng6 15.
Nhf5 Nf4 16. d4 Qb5 17. Re1 Nd3 18. Bxd3 Qxd3 19. Nxg7 Nxe4 20. Qh5 Nf6 21. Qh4
Kxg7 22. Nf1 Ng8 23. Ng3 Qg6 24. Nh5+ Kh7 25. Re3 f5 26. Rg3 Qf7 27. Rg7+ Qxg7
28. Nxg7 Kxg7 29. Bd2 Rf6 30. Kh2 Rg6 31. dxe5 dxe5 32. c4 Bc5 33. Bc3 Nf6 34.
Bxe5 Rg8 35. Bd4 Bd6+ 36. Kh1 c5 37. Bc3 Kf7 38. Rd1 Ne4 39. Rg1 Bxc4 40. Be1
Bd5 41. b3 Ng5 42. Qh5 Ke6 43. Qe2+ Kd7 44. Qd3 Kc6 45. b4 c4 46. Qxf5 Nf3 0-1

[Event "DEM U14 2008"]
[Site "Willingen GER"]
[Date "2008.05.14"]
[Round "6"]
[White "Mons, Leon"]
[Black "Kotainy, Jens"]
[Result "0-1"]
[Termination "normal"]
[Board "3"]
[WhiteElo "2063"]
[BlackElo "2112"]
[PlyCount "44"]
[WhiteFideId "4614950"]
[BlackFideId "24670499"]
[EventCountry "GER"]
[EventRounds "9"]
[EventType "swiss"]
[EventDate "2008.05.10"]

1. e4 e6 2. d4 d5 3. Nd2 Be7 4. Ngf3 Nf6 5. e5 Nfd7 6. c3 c5 7. Bd3 Nc6 8. O-O
g5 9. Nb1 Qb6 10. Bxg5 Bxg5 11. Nxg5 cxd4 12. cxd4 Qxd4 13. Qh5 Ndxe5 14. Bxh7
Qxb2 15. f4 Qxa1 16. fxe5 Nxe5 17. Nxf7 Qd4+ 18. Kh1 Nxf7 19. Rxf7 Rf8 20. Rf1+
Ke7 21. Qg5+ Kd7 22. Rc1 Qf4 0-1

[Event "DEM U14 2008"]
[Site "Willingen GER"]
[Date "2008.05.14"]
[Round "6"]
[White "Kaphle, Sebastian"]
[Black "Dünzel, Jonas"]
[Result "0-1"]
[Termination "normal"]
[Board "4"]
[WhiteElo "2113"]
[BlackElo "1972"]
[PlyCount "110"]
[WhiteFideId "24626708"]
[BlackFideId "24631167"]
[EventCountry "GER"]
[EventRounds "9"]
[EventType "swiss"]
[EventDate "2008.05.10"]

1. e4 c5 2. Nf3 d6 3. d4 cxd4 4. Nxd4 Nf6 5. Nc3 a6 6. Be3 e5 7. Nf3 Be7 8. Bc4
O-O 9. O-O Be6 10. Bxe6 fxe6 11. Na4 Nfd7 12. c4 Nc6 13. Qe2 Qc7 14. Rfd1 Nc5
15. Nc3 Rad8 16. Rab1 Nd7 17. Rbc1 Nc5 18. Ne1 Bf6 19. Nc2 Nd7 20. Qe1 Kh8 21.
b3 Qb8 22. Qe2 Be7 23. Ne1 Nf6 24. Bb6 Rd7 25. Be3 Bd8 26. a3 Bc7 27. b4 Qd8
28. Nf3 h6 29. h3 Qe7 30. Rd3 Rfd8 31. Rcd1 Kh7 32. Qd2 Qf7 33. Qc2 Kg8 34.
R3d2 Kh8 35. Qb3 Ne7 36. Ne1 Nh5 37. Ne2 Nf4 38. Bxf4 exf4 39. Nf3 d5 40. exd5
exd5 41. c5 Qf6 42. a4 Nc6 43. Rxd5 Qf7 44. Nc3 Ne7 45. Ne5 Bxe5 46. Rxd7 Qxb3
47. Rxd8+ Kh7 48. Ne4 Qxb4 49. Nd6 Qxc5 50. Nxb7 Qc6 51. R8d7 Ng6 52. a5 Nh4
53. R1d5 Qg6 54. g3 fxg3 55. Rxe5 Qb1+ 0-1

[Event "DEM U14 2008"]
[Site "Willingen GER"]
[Date "2008.05.14"]
[Round "6"]
[White "Hager, Joshua Aarash"]
[Black "Neumair, Jerome"]
[Result "1/2-1/2"]
[Termination "normal"]
[Board "5"]
[WhiteElo "2066"]
[BlackElo "1987"]
[PlyCount "106"]
[WhiteFideId "24642789"]
[BlackFideId "24672637"]
[EventCountry "GER"]
[EventRounds "9"]
[EventType "swiss"]
[EventDate "2008.05.10"]

1. d4 Nf6 2. c4 g6 3. Nc3 Bg7 4. Nf3 O-O 5. Bg5 d6 6. e3 Nbd7 7. Be2 c6 8. O-O
Qc7 9. Qc2 e5 10. Rfd1 Re8 11. dxe5 dxe5 12. b4 Nf8 13. Nd2 Bf5 14. Qb3 Be6 15.
Nde4 Nxe4 16. Nxe4 Nd7 17. Bh4 h6 18. Nd6 Reb8 19. e4 a6 20. Qf3 b6 21. Nf5 Bf8
22. Ne7+ Kh7 23. Nd5 Qb7 24. Nf6+ Nxf6 25. Bxf6 Qc7 26. Qc3 Bg7 27. Bxg7 Kxg7
28. c5 bxc5 29. Qxc5 f6 30. Rd6 Bd7 31. Rad1 Rd8 32. a4 Be8 33. a5 Rxd6 34.
Qxd6 Qxd6 35. Rxd6 Rb8 36. Bxa6 Rxb4 37. Bf1 Rxe4 38. f3 Ra4 39. a6 Kf7 40. Rd2
Ke6 41. Rd8 Ke7 42. Rb8 Bd7 43. g4 h5 44. gxh5 gxh5 45. h4 c5 46. Rb7 Ra1 47.
Kf2 Kd6 48. Bc4 Ra3 49. Rb6+ Ke7 50. Bd5 Bc8 51. Bb7 Bd7 52. Bd5 Bc8 53. Bb7
Bd7 1/2-1/2

[Event "DEM U14 2008"]
[Site "Willingen GER"]
[Date "2008.05.14"]
[Round "6"]
[White "Pauly, Carlo"]
[Black "Hampel, Felix"]
[Result "1-0"]
[Termination "normal"]
[Board "6"]
[WhiteElo "1833"]
[BlackElo "1992"]
[PlyCount "81"]
[WhiteFideId "24673269"]
[BlackFideId "24668125"]
[EventCountry "GER"]
[EventRounds "9"]
[EventType "swiss"]
[EventDate "2008.05.10"]

1. d4 Nf6 2. c4 g6 3. Nc3 Bg7 4. e4 d6 5. Be2 O-O 6. Bg5 a6 7. Qd2 c5 8. d5 Qa5
9. f3 Nbd7 10. h4 Rb8 11. h5 b5 12. hxg6 fxg6 13. Bh6 Rf7 14. Nh3 Ne5 15. Bxg7
Rxg7 16. cxb5 axb5 17. Nf4 c4 18. Nd1 Qa7 19. Ne6 Rf7 20. Nf2 Ne8 21. a3 Nc7
22. Rd1 Rb6 23. Nd4 Qb7 24. Nh3 Bxh3 25. Rxh3 Qc8 26. Qe3 Ra6 27. Rg3 Kh8 28.
f4 Nd7 29. Bg4 Qe8 30. Bxd7 Qxd7 31. Nc6 Qe8 32. Qd4+ Kg8 33. f5 Rg7 34. fxg6
Rxg6 35. Rxg6+ hxg6 36. Ke2 e5 37. Qe3 Qf7 38. Rf1 Qg7 39. Qg5 Ne8 40. Ne7+ Kh8
41. Rh1+ 1-0

[Event "DEM U14 2008"]
[Site "Willingen GER"]
[Date "2008.05.14"]
[Round "6"]
[White "Wolf, Christoph"]
[Black "Tiemann, Tobias"]
[Result "1/2-1/2"]
[Termination "normal"]
[Board "7"]
[WhiteElo "1636"]
[BlackElo "1886"]
[PlyCount "110"]
[WhiteFideId "24650633"]
[BlackFideId "4642350"]
[EventCountry "GER"]
[EventRounds "9"]
[EventType "swiss"]
[EventDate "2008.05.10"]

1. e4 c5 2. Nf3 e6 3. d4 cxd4 4. Nxd4 Nc6 5. Nc3 Qc7 6. Be3 a6 7. Be2 Nf6 8.
O-O Bb4 9. Bg5 h6 10. Bxf6 gxf6 11. Nxc6 bxc6 12. Qd4 Be7 13. Kh1 d5 14. exd5
cxd5 15. Bh5 Rb8 16. Rfe1 Kf8 17. Rad1 Rb4 18. Nxd5 Rxd4 19. Nxc7 Rc4 20. Na8
Bb7 21. Nb6 Rxc2 22. Re2 Rg8 23. Rxc2 Bxg2+ 24. Kg1 Bh3+ 25. Kh1 Bg2+ 26. Kg1
Be4+ 27. Kf1 Bxc2 28. Rd2 Be4 29. Ke2 Rg5 30. Bf3 Bxf3+ 31. Kxf3 Rf5+ 32. Ke2
Bc5 33. Nd7+ Ke7 34. f3 Rh5 35. Kd1 Be3 36. Rd3 Rd5 37. Rxd5 exd5 38. Nb8 Bf4
39. Nxa6 Bxh2 40. Nb4 Kd6 41. Nd3 Be5 42. Ke2 h5 43. b3 Ke6 44. Kf2 Bd6 45. Kg2
Kf5 46. Kh3 Kg5 47. Kg2 d4 48. Kh3 Bb8 49. Kg2 Be5 50. Kh3 Bc7 51. Kg2 Kh4 52.
Nb2 d3 53. Nxd3 Kg5 54. a4 Kf5 55. b4 Ke6 1/2-1/2

[Event "DEM U14 2008"]
[Site "Willingen GER"]
[Date "2008.05.14"]
[Round "6"]
[White "Titgemeyer, Sven"]
[Black "Schindlbeck, Tobias"]
[Result "1/2-1/2"]
[Termination "normal"]
[Board "8"]
[WhiteElo "1930"]
[BlackElo "1888"]
[PlyCount "32"]
[WhiteFideId "24676934"]
[BlackFideId "24615510"]
[EventCountry "GER"]
[EventRounds "9"]
[EventType "swiss"]
[EventDate "2008.05.10"]

1. e4 c5 2. d3 e6 3. g3 d5 4. Nd2 Nc6 5. Bg2 Nf6 6. Ngf3 Be7 7. O-O O-O 8. c3
Rb8 9. Kh1 b5 10. Ng1 Ba6 11. Ne2 b4 12. exd5 exd5 13. c4 Ne5 14. Qc2 Qd7 15.
b3 Qf5 16. Nf4 dxc4 1/2-1/2

[Event "DEM U14 2008"]
[Site "Willingen GER"]
[Date "2008.05.14"]
[Round "6"]
[White "Kropman, Alexei"]
[Black "Wendling, Florian"]
[Result "1/2-1/2"]
[Termination "normal"]
[Board "9"]
[WhiteElo "1920"]
[BlackElo "1729"]
[PlyCount "53"]
[WhiteFideId "24670723"]
[BlackFideId "24640212"]
[EventCountry "GER"]
[EventRounds "9"]
[EventType "swiss"]
[EventDate "2008.05.10"]

1. e4 c5 2. Nc3 Nc6 3. f4 g6 4. Nf3 Bg7 5. Bb5 Nd4 6. O-O a6 7. Bd3 e6 8. Nxd4
cxd4 9. Ne2 Nf6 10. e5 Nd5 11. c3 dxc3 12. dxc3 O-O 13. Ng3 d6 14. Qe2 dxe5 15.
fxe5 Qc7 16. Re1 b5 17. a4 Rb8 18. axb5 axb5 19. Kh1 Qb6 20. Bg5 h6 21. Bd2 Rd8
22. Rf1 Bd7 23. Qf3 Bc8 24. Qe2 Qc7 25. Rfe1 Ne7 26. Bf4 Nd5 27. Bd2 1/2-1/2

[Event "DEM U14 2008"]
[Site "Willingen GER"]
[Date "2008.05.14"]
[Round "6"]
[White "Müller, Tobias"]
[Black "Mirke, Roy"]
[Result "1-0"]
[Termination "normal"]
[Board "10"]
[WhiteElo "1605"]
[BlackElo "1776"]
[PlyCount "43"]
[WhiteFideId "24643394"]
[BlackFideId "24647306"]
[EventCountry "GER"]
[EventRounds "9"]
[EventType "swiss"]
[EventDate "2008.05.10"]

1. c4 Nf6 2. Nf3 g6 3. g3 Bg7 4. Bg2 O-O 5. O-O d6 6. Nc3 d5 7. cxd5 Nxd5 8.
Qb3 Nxc3 9. bxc3 Nd7 10. Ba3 Rb8 11. Rab1 b6 12. Nd4 Bb7 13. Bxb7 Bxd4 14. cxd4
Rxb7 15. Qd5 Rb8 16. Rfc1 Re8 17. Qc6 Rc8 18. Rc4 e5 19. Rbc1 Nf8 20. d5 a5 21.
d6 cxd6 22. Qxc8 1-0

[Event "DEM U14 2008"]
[Site "Willingen GER"]
[Date "2008.05.14"]
[Round "6"]
[White "Braun, Georg"]
[Black "von Schwerin, Clemens"]
[Result "1-0"]
[Termination "normal"]
[Board "11"]
[WhiteElo "1931"]
[BlackElo "1914"]
[PlyCount "93"]
[WhiteFideId "24629383"]
[BlackFideId "4613228"]
[EventCountry "GER"]
[EventRounds "9"]
[EventType "swiss"]
[EventDate "2008.05.10"]

1. e4 c6 2. d4 d5 3. exd5 cxd5 4. c4 Nf6 5. Nc3 e6 6. Nf3 Bb4 7. Bd2 Nc6 8. a3
Be7 9. c5 a5 10. Bb5 O-O 11. O-O Bd7 12. Qe2 b6 13. Bxc6 Bxc6 14. b4 axb4 15.
axb4 bxc5 16. bxc5 Qc7 17. Ne5 Nd7 18. Bf4 Nxe5 19. Bxe5 Qd7 20. Qg4 f6 21. Bf4
Rxa1 22. Rxa1 e5 23. Qxd7 Bxd7 24. Nxd5 Bxc5 25. dxc5 exf4 26. c6 Be6 27. Nb6
Rc8 28. Ra8 Rxa8 29. Nxa8 g5 30. c7 Kf7 31. Nb6 h5 32. c8=Q Bxc8 33. Nxc8 Ke6
34. Kf1 g4 35. Ke2 Ke5 36. f3 f5 37. Ne7 Kf6 38. Nc6 Kg5 39. Nd4 Kf6 40. h4
gxh3 41. gxh3 Kg5 42. Ne6+ Kh4 43. Nxf4 Kg3 44. Ke3 h4 45. Ng6 Kxh3 46. Kf4 Kg2
47. Nxh4+ 1-0

[Event "DEM U14 2008"]
[Site "Willingen GER"]
[Date "2008.05.14"]
[Round "6"]
[White "Rublack, Valentin"]
[Black "Barzen, Pascal"]
[Result "0-1"]
[Termination "normal"]
[Board "12"]
[WhiteElo "1577"]
[BlackElo "1783"]
[PlyCount "56"]
[WhiteFideId "24657387"]
[BlackFideId "24653497"]
[EventCountry "GER"]
[EventRounds "9"]
[EventType "swiss"]
[EventDate "2008.05.10"]

1. e4 c6 2. d4 d5 3. exd5 cxd5 4. Bf4 Nc6 5. c3 e6 6. Bd3 Bd6 7. Bxd6 Qxd6 8.
Nf3 Nge7 9. O-O Ng6 10. Nbd2 Bd7 11. Re1 a6 12. Nb3 b6 13. Qd2 O-O 14. Qc2 f5
15. Re3 Qf4 16. Rae1 Rf6 17. a4 Qg4 18. Ne5 Ngxe5 19. dxe5 Rg6 20. Rg3 Qxa4 21.
Rxg6 hxg6 22. Ra1 Qf4 23. Nd2 Nxe5 24. g3 Qxd2 25. Qb3 Qxd3 26. Qxb6 Nf3+ 27.
Kg2 Qe4 28. Qb7 Ng5+ 0-1

[Event "DEM U14 2008"]
[Site "Willingen GER"]
[Date "2008.05.14"]
[Round "6"]
[White "Elkmann, Janek"]
[Black "Kügel, Tobias"]
[Result "1/2-1/2"]
[Termination "normal"]
[Board "13"]
[WhiteElo "1750"]
[BlackElo "1894"]
[PlyCount "31"]
[WhiteFideId "24691925"]
[BlackFideId "4636295"]
[EventCountry "GER"]
[EventRounds "9"]
[EventType "swiss"]
[EventDate "2008.05.10"]

1. e4 e5 2. Nf3 Nc6 3. Bb5 Nd4 4. Nxd4 exd4 5. O-O Bc5 6. d3 Ne7 7. Nd2 O-O 8.
f4 c6 9. Ba4 a5 10. a3 d6 11. f5 f6 12. Bb3+ Kh8 13. Rf3 d5 14. Rh3 g6 15. Kh1
Rf7 16. g4 1/2-1/2

[Event "DEM U14 2008"]
[Site "Willingen GER"]
[Date "2008.05.14"]
[Round "6"]
[White "Pältz, Sebastian"]
[Black "Purgahn, Robin"]
[Result "1-0"]
[Termination "normal"]
[Board "14"]
[WhiteElo "1753"]
[BlackElo "1219"]
[PlyCount "75"]
[WhiteFideId "24648027"]
[EventCountry "GER"]
[EventRounds "9"]
[EventType "swiss"]
[EventDate "2008.05.10"]

1. e4 e5 2. Nf3 Nf6 3. Nxe5 d6 4. Nf3 Nxe4 5. Nc3 Nxc3 6. dxc3 Be7 7. Bf4 Nc6
8. Qd2 O-O 9. O-O-O Be6 10. Kb1 a6 11. Bd3 b5 12. Be4 Qd7 13. Nd4 d5 14. Nxc6
Qxc6 15. Bxd5 Bxd5 16. Qxd5 Qb6 17. Qd4 Rfc8 18. Qxb6 cxb6 19. Rd7 Bc5 20. f3
b4 21. cxb4 Bxb4 22. c3 Bc5 23. Rhd1 h6 24. Rb7 b5 25. Rdd7 Rf8 26. b4 Bf2 27.
Kc2 Rae8 28. Bd6 Re2+ 29. Kb3 Ree8 30. Bxf8 Rxf8 31. Rd6 Ra8 32. Rbd7 Bh4 33.
Rc7 Bd8 34. Rcc6 a5 35. bxa5 Bxa5 36. Ra6 Rxa6 37. Rxa6 Bc7 38. h3 1-0

[Event "DEM U14 2008"]
[Site "Willingen GER"]
[Date "2008.05.16"]
[Round "8"]
[White "Kotainy, Jens"]
[Black "Hager, Joshua Aarash"]
[Result "1/2-1/2"]
[Termination "normal"]
[Board "1"]
[WhiteElo "2112"]
[BlackElo "2066"]
[PlyCount "57"]
[WhiteFideId "24670499"]
[BlackFideId "24642789"]
[EventCountry "GER"]
[EventRounds "9"]
[EventType "swiss"]
[EventDate "2008.05.10"]

1. e4 c5 2. c3 Nf6 3. e5 Nd5 4. d4 cxd4 5. Nf3 Nc6 6. Bc4 Nb6 7. Bb3 d5 8. exd6
e6 9. cxd4 Bxd6 10. Nc3 O-O 11. O-O Nd5 12. Re1 Be7 13. Bc2 Nxc3 14. bxc3 Bf6
15. h4 b6 16. Ng5 g6 17. Qf3 Bb7 18. Qg4 Rc8 19. h5 Nxd4 20. hxg6 hxg6 21. Qh4
Bxg5 22. Bxg5 Qxg5 23. Qxg5 Nxc2 24. Qf6 Rc5 25. Rac1 Nxe1 26. Rxe1 Rf5 27. Qe7
Bd5 28. Re3 Rc8 29. Rh3 1/2-1/2

[Event "DEM U14 2008"]
[Site "Willingen GER"]
[Date "2008.05.16"]
[Round "8"]
[White "Dünzel, Jonas"]
[Black "Bräuer, Franz"]
[Result "1/2-1/2"]
[Termination "normal"]
[Board "2"]
[WhiteElo "1972"]
[BlackElo "1908"]
[PlyCount "84"]
[WhiteFideId "24631167"]
[BlackFideId "24634468"]
[EventCountry "GER"]
[EventRounds "9"]
[EventType "swiss"]
[EventDate "2008.05.10"]

1. e4 e5 2. Nf3 Nc6 3. Bb5 a6 4. Ba4 Nf6 5. d3 b5 6. Bb3 Be7 7. O-O d6 8. c3
O-O 9. Re1 Na5 10. Bc2 c5 11. Nbd2 Qc7 12. Nf1 Re8 13. Ng3 Nc6 14. h3 d5 15. d4
cxd4 16. cxd4 Bb4 17. Re2 Bb7 18. Bg5 Nxe4 19. Nxe4 dxe4 20. Bxe4 Nxd4 21. Nxd4
exd4 22. Qxd4 Bc5 23. Qd3 Bxe4 24. Rxe4 Qa7 25. Bh4 Rac8 26. Rae1 Rxe4 27. Rxe4
Qb7 28. Qe2 Qd7 29. Bg3 h6 30. Rg4 Re8 31. Qf3 Qe6 32. Kh2 Bd6 33. Bxd6 Qxd6+
34. Qg3 Qxg3+ 35. Kxg3 Re2 36. Rb4 Kf8 37. a4 bxa4 38. Rxa4 Re6 39. Kf3 Rb6 40.
b4 Re6 41. Ra5 Rb6 42. Ra4 Re6 1/2-1/2

[Event "DEM U14 2008"]
[Site "Willingen GER"]
[Date "2008.05.16"]
[Round "8"]
[White "Schreiner, Till"]
[Black "Mons, Leon"]
[Result "1-0"]
[Termination "normal"]
[Board "3"]
[WhiteElo "2041"]
[BlackElo "2063"]
[PlyCount "57"]
[WhiteFideId "24675555"]
[BlackFideId "4614950"]
[EventCountry "GER"]
[EventRounds "9"]
[EventType "swiss"]
[EventDate "2008.05.10"]

1. d4 Nf6 2. c4 g6 3. Nc3 Bg7 4. e4 d6 5. Nf3 O-O 6. Be2 e5 7. Be3 exd4 8. Nxd4
Re8 9. f3 c6 10. Qd2 d5 11. cxd5 cxd5 12. exd5 Nxd5 13. Bf2 Nxc3 14. bxc3 Nc6
15. Nxc6 Qxd2+ 16. Kxd2 bxc6 17. Bd3 Be6 18. Rhe1 Red8 19. Kc2 Rxd3 20. Kxd3
Rd8+ 21. Kc2 Bf5+ 22. Kb3 Be6+ 23. Rxe6 fxe6 24. Bxa7 Rd2 25. a4 Rxg2 26. a5
Rd2 27. Bd4 Bxd4 28. cxd4 Rd3+ 29. Kc4 1-0

[Event "DEM U14 2008"]
[Site "Willingen GER"]
[Date "2008.05.16"]
[Round "8"]
[White "Berchtenbreiter, Maximilian"]
[Black "Hampel, Felix"]
[Result "1-0"]
[Termination "normal"]
[Board "4"]
[WhiteElo "2064"]
[BlackElo "1992"]
[PlyCount "73"]
[WhiteFideId "24641120"]
[BlackFideId "24668125"]
[EventCountry "GER"]
[EventRounds "9"]
[EventType "swiss"]
[EventDate "2008.05.10"]

1. e4 c5 2. Nf3 e6 3. Nc3 Nc6 4. d4 cxd4 5. Nxd4 Qc7 6. g3 a6 7. Bg2 d6 8. O-O
Bd7 9. Nxc6 Bxc6 10. Re1 Be7 11. a4 Nf6 12. a5 O-O 13. Bf4 Rad8 14. Qe2 Rfe8
15. Red1 Rd7 16. b4 Rc8 17. Rac1 Qd8 18. Bd2 d5 19. e5 Ne8 20. b5 axb5 21. Nxb5
b6 22. Ra1 Ra8 23. Nd4 Bb7 24. a6 Bc8 25. Nc6 Qc7 26. Nxe7+ Rxe7 27. Bb4 Rd7
28. Qb5 Ra7 29. c4 Qxe5 30. cxd5 Nc7 31. Qxb6 Nxa6 32. dxe6 fxe6 33. Bd6 Qf6
34. Qc6 Qd8 35. Bh3 Rf7 36. Bc5 Qc7 37. Qe8+ 1-0

[Event "DEM U14 2008"]
[Site "Willingen GER"]
[Date "2008.05.16"]
[Round "8"]
[White "Pauly, Carlo"]
[Black "Schindlbeck, Tobias"]
[Result "1/2-1/2"]
[Termination "normal"]
[Board "5"]
[WhiteElo "1833"]
[BlackElo "1888"]
[PlyCount "28"]
[WhiteFideId "24673269"]
[BlackFideId "24615510"]
[EventCountry "GER"]
[EventRounds "9"]
[EventType "swiss"]
[EventDate "2008.05.10"]

1. d4 Nf6 2. c4 e6 3. Nc3 Bb4 4. Qc2 c5 5. dxc5 Na6 6. a3 Bxc3+ 7. Qxc3 Nxc5 8.
f3 a5 9. b3 O-O 10. e4 d6 11. Be3 Qc7 12. Nh3 b6 13. Nf2 Bb7 14. Rd1 d5 1/2-1/2

[Event "DEM U14 2008"]
[Site "Willingen GER"]
[Date "2008.05.16"]
[Round "8"]
[White "Tiemann, Tobias"]
[Black "Wendling, Florian"]
[Result "1/2-1/2"]
[Termination "normal"]
[Board "6"]
[WhiteElo "1886"]
[BlackElo "1729"]
[PlyCount "103"]
[WhiteFideId "4642350"]
[BlackFideId "24640212"]
[EventCountry "GER"]
[EventRounds "9"]
[EventType "swiss"]
[EventDate "2008.05.10"]

1. e4 c5 2. Nf3 d6 3. d4 cxd4 4. Qxd4 a6 5. c4 Nc6 6. Qd2 g6 7. Bd3 Bg7 8. O-O
Nf6 9. Nc3 O-O 10. Rb1 Bg4 11. Ne1 Rc8 12. Nc2 Ne5 13. b3 Qc7 14. Bb2 Be6 15.
Ne3 Rfe8 16. Ncd5 Bxd5 17. exd5 Nfd7 18. Bc2 Nf6 19. Rbc1 Qb8 20. a4 b5 21.
cxb5 axb5 22. a5 b4 23. f4 Ned7 24. Nc4 Nc5 25. Nb6 Rc7 26. Bxf6 Bxf6 27. Qxb4
Qa7 28. Kh1 Rb8 29. Bd1 Qa6 30. Bc2 Nd7 31. Qe4 Qxa5 32. Nc4 Qb4 33. Rce1 Nc5
34. Qe2 Nxb3 35. Rb1 Qxc4 36. Qxc4 Rxc4 37. Bxb3 Rcb4 38. Ba2 Rb2 39. Rxb2 Rxb2
40. Bb1 Rd2 41. Be4 Rd4 42. Re1 e6 43. dxe6 fxe6 44. g3 e5 45. fxe5 Bxe5 46.
Bf3 Kg7 47. Rd1 Rxd1+ 48. Bxd1 d5 49. Bb3 d4 50. Bc2 Kf6 51. Kg2 h5 52. h4
1/2-1/2

[Event "DEM U14 2008"]
[Site "Willingen GER"]
[Date "2008.05.16"]
[Round "8"]
[White "Kropman, Alexei"]
[Black "Kaphle, Sebastian"]
[Result "0-1"]
[Termination "normal"]
[Board "7"]
[WhiteElo "1920"]
[BlackElo "2113"]
[PlyCount "40"]
[WhiteFideId "24670723"]
[BlackFideId "24626708"]
[EventCountry "GER"]
[EventRounds "9"]
[EventType "swiss"]
[EventDate "2008.05.10"]

1. e4 e5 2. f4 Bc5 3. Nf3 d6 4. c3 Bg4 5. Bc4 Nf6 6. b4 Bb6 7. d3 Nc6 8. a4 a6
9. h3 Bxf3 10. Qxf3 O-O 11. f5 d5 12. Bb3 dxe4 13. dxe4 Nxb4 14. cxb4 Qd4 15.
Ra2 Nxe4 16. Re2 Qxb4+ 17. Bd2 Nxd2 18. Nxd2 Rad8 19. g3 Rxd2 20. Rxd2 e4 0-1

[Event "DEM U14 2008"]
[Site "Willingen GER"]
[Date "2008.05.16"]
[Round "8"]
[White "Sarchisov, Slavik"]
[Black "Neumair, Jerome"]
[Result "1/2-1/2"]
[Termination "normal"]
[Board "8"]
[WhiteElo "1982"]
[BlackElo "1987"]
[PlyCount "67"]
[WhiteFideId "24647888"]
[BlackFideId "24672637"]
[EventCountry "GER"]
[EventRounds "9"]
[EventType "swiss"]
[EventDate "2008.05.10"]

1. e4 e6 2. d4 d5 3. Nc3 Nf6 4. e5 Nfd7 5. f4 c5 6. Nf3 Nc6 7. Be3 cxd4 8. Nxd4
Bc5 9. Qd2 a6 10. O-O-O O-O 11. Qf2 Nxd4 12. Bxd4 Bxd4 13. Qxd4 b5 14. Bd3 Qb6
15. Ne2 b4 16. Kb1 a5 17. Rhf1 Ba6 18. Qxb6 Nxb6 19. Nd4 Nc4 20. Rf3 g6 21. h4
Rfc8 22. h5 Kg7 23. Rh3 a4 24. hxg6 fxg6 25. Rdh1 Nd2+ 26. Kc1 Bxd3 27. Rxd3
Ne4 28. Rdh3 Rg8 29. Rxh7+ Kf8 30. Rh8 Rc8 31. Kb1 Nd2+ 32. Kc1 Ne4 33. Kb1
Nd2+ 34. Kc1 1/2-1/2